| 000 -CABECERA |
| Longitud fija campo de control |
00587nam a2200181 a 4500 |
| 001 - NÚMERO DE CONTROL |
| Número de control |
471 |
| 003 - IDENTIFICADOR DEL NÚMERO DE CONTROL |
| Identificador del número de control |
CDMR |
| 005 - FECHA Y HORA DE LA ÚLTIMA TRANSACCIÓN |
| Fecha y hora de la última transacción |
20130328092526.0 |
| 008 - CÓDIGOS DE INFORMACIÓN DE LONGITUD FIJA |
| Códigos de información de longitud fija |
130130s2002||||||||||||||||||||||||||||d |
| 020 ## - NÚMERO INTERNACIONAL NORMALIZADO PARA LIBROS |
| Número Internacional Normalizado para Libros (ISBN) |
843935682X |
| 040 ## - FUENTE DE LA CATALOGACIÓN |
| Centro catalogador de origen |
CDMR |
| Lengua de catalogación |
cat |
| Centro transcriptor |
CDMR |
| 100 1# - PUNTO DE ACCESO PRINCIPAL-NOMBRE DE PERSONA |
| Nombre de persona |
Fontserè, Carles |
| 9 (RLIN) |
330 |
| 245 10 - MENCIÓN DE TÍTULO |
| Título |
Ciutat de Mèxic |
| Resto del título |
: 1966-1967 |
| Mención de responsabilidad, etc. |
[coordinació: Anna Rius i Piqué ; textos: Carles Fontserè, Josep Rigol] |
| 260 ## - PUBLICACIÓN, DISTRIBUCIÓN, ETC. (PIE DE IMPRENTA) |
| Lugar de publicación, distribución, etc. |
Barcelona |
| Fecha de publicación, distribución, etc. |
2002 |
| Nombre del editor, distribuidor, etc. |
Generalitat de Catalunya. Departament de Cultura |
| 500 ## - NOTA GENERAL |
| Nota general |
Catàleg d'exposició |
| 711 ## - PUNTO DE ACCESO ADICIONAL - NOMBRE DE CONGRESO |
| 9 (RLIN) |
3021 |
| Nombre de congreso o nombre de jurisdicción como elemento inicial |
Primavera Fotogràfica |
| Fecha del congreso |
2002 |
| Número del congreso o número de parte o sección de la obra |
11a |
| 942 ## - ENTRADA DE ELEMENTOS AGREGADOS (KOHA) |
| Koha [por defecto] tipo de item |
Monografies |
| Fuente de clasificaión o esquema |
|